Pays vainqueur de l'US Open - Statistiques

Statistiques générales
  • Ce quiz a été pris 121 fois
  • Le résultat moyen est 13 sur 16
Statistiques - réponses
Nombre de titres Pays % Correct
85 Etats-Unis
99%
7 Espagne
97%
6 Suisse
97%
3 Serbie
95%
3 France
93%
18 Australie
92%
5 Royaume-Uni
89%
2 Russie
86%
3 Suède
86%
1 Allemagne
83%
2 Argentine
74%
1 Autriche
68%
1 Croatie
68%
3 Tchécoslovaquie
48%
1 Roumanie
47%
1 Mexique
36%
Aucun quiz correspondant
Distribution des résultats
% des personnes avec chaque résultat
Percentile par nombre de réponses
Votre historique - résultats
Vous n’avez pas pris ce quiz